书目信息 |
| 题名: |
中国孟学诠释史论
|
|
| 作者: | 黄俊杰 著 | |
| 分册: | ||
| 出版信息: | 北京 社会科学文献出版社 2004 |
|
| 页数: | 532页 | |
| 开本: | 21cm | |
| 丛书名: | 喜玛拉雅学术文库 | |
| 单 册: | ||
| 中图分类: | B222.5 | |
| 科图分类: | ||
| 主题词: | 儒家--研究 | |
| 电子资源: | ||
| ISBN: | 7-80190-270-X | |
| 000 | 00888oam2 2200265 45 | |
| 001 | 002726970 | |
| 005 | 20041230081411.0 | |
| 010 | @a7-80190-270-X@dCNY35.00 | |
| 100 | @a20040920d2004 emky0chiy0110 ea | |
| 101 | 0 | @achi |
| 102 | @aCN@b110000 | |
| 105 | @ay z 000yy | |
| 200 | 1 | @a中国孟学诠释史论@Azhong guo meng xue quan shi shi lun@f黄俊杰著@FHuang Jun Jie Zhu |
| 210 | @a北京@c社会科学文献出版社@d2004 | |
| 215 | @a532页@d21cm | |
| 225 | 2 | @a喜玛拉雅学术文库@i港台学人系列 |
| 300 | @a孟学诠释史论文献选编注释 | |
| 330 | @a本书以孟子学解释史为中心,分析中国诠释学的三种类型,并探讨历代思想家对孟子思想所提出的解释、批判、争辩及其隐含的思想史意义与诠释学内涵等。 | |
| 410 | @12001 @a喜玛拉雅学术文库 | |
| 605 | @a孟子@x研究 | |
| 606 | 0 | @a儒家@x研究 |
| 690 | @aB222.5@v4 | |
| 701 | 0 | @a黄俊杰@4著 |
| 801 | 0 | @aCN@bNLC@c20041020 |
| 905 | @b341181-188@dB222.5@e213@f8 | |
| 中国孟学诠释史论/黄俊杰著.-北京:社会科学文献出版社,2004 |
| 532页;21cm.-(喜玛拉雅学术文库.港台学人系列) |
| 孟学诠释史论文献选编注释 |
| ISBN 7-80190-270-X:CNY35.00 |
| 本书以孟子学解释史为中心,分析中国诠释学的三种类型,并探讨历代思想家对孟子思想所提出的解释、批判、争辩及其隐含的思想史意义与诠释学内涵等。 |
| ● |
| 相关链接 |
|
|
|
|
正题名:中国孟学诠释史论
索取号:B222.5/213
 
预约/预借
| 序号 | 登录号 | 条形码 | 馆藏地/架位号 | 状态 | 备注 |
| 1 | 0341181 | 203411815 | 第一样本阅览室/ [索取号:B222.5/213] | 在馆 | |
| 2 | 0341182 | 203411824 | 第一借阅区/ [索取号:B222.5/213] | 在馆 | |
| 3 | 0341183 | 203411833 | 第一借阅区/ [索取号:B222.5/213] | 在馆 | |
| 4 | 0341184 | 203411842 | 第一借阅区/ [索取号:B222.5/213] | 在馆 | |
| 5 | 0341185 | 203411851 | 密集书库/ [索取号:B222.5/213] | 在馆 | |
| 6 | 0341186 | 203411860 | 第一借阅区/ [索取号:B222.5/213] | 在馆 | |
| 7 | 0341187 | 203411879 | 密集书库/ [索取号:B222.5/213] | 在馆 | |
| 8 | 0341188 | 203411888 | 密集书库/ [索取号:B222.5/213] | 在馆 |